Statistics for Former Countries of the Polish-Lithuanian Commonwealth

Click here to take the quiz!

General Stats

  • This quiz has been taken 60 times
    (59 since last reset)
  • The average score is 8 of 8

Answer Stats

Country% Correct
Lithuania
100%
Russia
100%
Belarus
98%
Poland
98%
Ukraine
98%
Latvia
96%
Estonia
92%
Moldova
88%

Score Distribution

Percentile by Number Answered

Percent of People with Each Score

Your Score History

You have not taken this quiz since the last reset